Statistiche per Anagrammi dei Calciatori - Quiz n°2

Clicka qui per fare il quiz!

Statistiche generali

  • Questo quiz è stato fatto 5 volte
  • Il punteggio medio è 5 su 10

Statistiche sulle risposte

AnagrammaCalciatore% Corretto
biarboIbarbo
100%
ènoikIkonè
100%
ocsaCaso
67%
hmennalLehmann
67%
leabroaArbeloa
33%
oebtbeBebeto
33%
staoperPastore
33%
lslphpiiPhilipps
33%
zrpzuoPruzzo
33%
sarpllaiAsprilla
0%

Distribuzione punteggi

Percentile per numero di risposta

Percentuale di utenti per punteggio

I tuoi punteggi nel tempo

Non hai fatto questo quiz